00615cam a22002411 4500001001300000003000400013005001700017008004100034010002200075025001900097040001800116043001200134050001700146082001600163100002500179245003400204250001400238260004400252300003400296350000800330650001800338999001700356sa 68003652 DLC20260227112455.0710903s1967 ii ac 000 0 eng  asa 68003652 //r94 aPL480:I-E-8779 aDLCcDLCdDLC aa-ii---00aGV1693b.S2400a793.3/19/5410aSarabhai, Mrinalini.10aIndian dancing for the young. a[1st ed.]0 aBombay,bBharatiya Vidya Bhavanc[1967] a44 p.billus., ports.c25 cm. aRs5 0aDancezIndia. c79649d79649